| 000 | 00805nam a22002057a 4500 | ||
|---|---|---|---|
| 999 |
_c11453 _d11453 |
||
| 003 | AR-CdUCM | ||
| 008 | 190404b ||||| |||| 00| 0 spa d | ||
| 020 | _a84-8055-014-7 | ||
| 040 |
_aMUNICIPALIDAD PROVINCIAL DEL CUSCO _cBIBLIOTECA MUNICIPAL DEL CUSCO |
||
| 082 |
_aES / 912.574 / _bAT87 |
||
| 110 |
_aEdiciones cultural, s.a. _928790 |
||
| 245 |
_aAtlas de biología : _bLos mecanismos de la vida / |
||
| 260 |
_aMadrid : _bCultural, s.a., _c1995. |
||
| 300 |
_a112 paginas _c35 cm. |
||
| 505 | _aContenido :Que es la vida -- La organización de la vida -- El origen de la vida, la biósfera -- Como se clasifican los seres vivos -- Los cinco reinos del mundo viviente ... | ||
| 650 |
_aCiencias biológicas _928823 |
||
| 650 |
_aCiencias aplicadas _920077 |
||
| 942 |
_2ddc _cLIBROS |
||
| 945 | _arum | ||